Normal view
MARC view
Entry Personal Name
001 - CONTROL NUMBER
- control field: 1579
003 - CONTROL NUMBER IDENTIFIER
- control field: ARRUPE
005 - DATE AND TIME OF LATEST TRANSACTION
- control field: 20130927110845.0
008 - FIXED-LENGTH DATA ELEMENTS
- fixed length control field: 130927|| aca||aabn | a|a d
040 ## - CATALOGING SOURCE
- Original cataloging agency: ARRUPE
- Transcribing agency: ARRUPE
100 ## - HEADING--PERSONAL NAME
- Personal name: Cummings, George C. L.
670 ## - SOURCE DATA FOUND
- Source citation: Work cat.: (ARRUPE)0: Cut loose your stammering tongue :, c1991.